00610nam a2200145 a 4500008004100000050002100041110005700062245013700119260007600256300001500332500001700347650003800364650003000402650003200432130905s2010 ||||||||||||||||| || u aUN-ECA(02)2010/2 aUnited Nations Economic Commission For Africa(UNECA)14aThe mutual review of development effectiveness in Africa: promise and performance.cby United Nations Economic Commission for Africa aAddis AbababUNITED NATIONS ECONOMIC COMMISSION FOR AFRICA(UNECA)c2010 a83p.: ill. aBibliography aDEVELOPMENT EFFECTIVENESS--AFRICA aDEVELOPMENT EFFECTIVENESS 0aAFRICA--ECONOMIC CONDITIONS